The Studio (Record no. 5177)

MARC details
000 -LEADER
campo de control de longitud fija 01806npm a2200229 i 4500
001 - NÚMERO DE CONTROL
campo de control 5177
003 - IDENTIFICADOR DE NÚMERO DE CONTROL
campo de control ES-MaACL
005 - FECHA Y HORA DE LA ÚLTIMA TRANSACCIÓN
campo de control 20230908135830.0
007 - CAMPO FIJO DE DESCRIPCIÓN FÍSICA--INFORMACIÓN GENERAL
campo de control de longitud fija hzrazu bucu
008 - DATOS DE LONGITUD FIJA--INFORMACIÓN GENERAL
campo de control de longitud fija 900420r19901897xxk a 00010 eng d
080 ## - NÚMERO DE LA CLASIFICACIÓN DECIMAL UNIVERSAL
Número de la Clasificación Decimal Universal 7(05)(421.2 Londres)
080 ## - NÚMERO DE LA CLASIFICACIÓN DECIMAL UNIVERSAL
Número de la Clasificación Decimal Universal 05(42)
245 04 - MENCIÓN DEL TÍTULO
Título The Studio
Resto del título : [Microforma] : an illustrated magazine of fine and applied art.
260 ## - PUBLICACIÓN, DISTRIBUCIÓN, ETC.
Lugar de publicación, distribución, etc. Madrid :
Nombre del editor, distribuidor, etc. Ateneo Cientifico, Literario y Artistico,
Fecha de publicación, distribución, etc. 1990.
300 ## - DESCRIPCIÓN FÍSICA
Extensión 23 carretes de microfilme :
Otras características físicas negativo ;
Dimensiones 16 mm.
500 ## - NOTA GENERAL
Nota general Publicado originalmente: London, Offices of The Studio, 1897-1933, periodicidad mensual.
505 8# - NOTA DE CONTENIDO CON FORMATO
Nota de contenido con formato Carrete n. 1: 1897 (febr.) a 1899 (mar., p.84) -- Carrete n. 2: 1899 a 1900 (sept.) -- Carrete n. 3: 1900 (oct.) a 1901 -- Carrete n. 4: 1901 (supl.) a 1902 (supl., p.23) -- Carrete n. 5: 1902 (supl., p.24) a 1904 (mayo) -- Carrete n. 6: 1904 (jun.) a 1905 (sept.) -- Carrete n. 7: 1905 (oct.) a 1906 (jun., p.275) -- Carrete n. 8; 1906 a 1907 (nov.) -- Carrete n. 9: 1907 a 1908 (sept., p.289) -- Carrete n. 10: 1908 a 1909 (mayo) -- Carrete n. 11: 1909 (jun.) a 1910 (abr., p.57) -- Carrete n. 12: 1910 (abr., p.58) a 1910-11 (supl.) -- Carrete n. 13: 1910-11 (suplm. n. 2) a 1912 (mayo) -- Carrete n. 14: 1912 (jun.) a 1912-13 (n. extra) -- Carrete n. 15: 1913 a 1913-14 (n. extra) -- Carrete n. 16: 1914 a 1915 (mayo) -- Carrete n. 17: 1915 (jun.) a 1917 -- Carrete n. 18: 1918 a 1922 (1er. sem., p.103) -- Carrete n. 19: 1922 (1er sem., p. 104) a 1924 -- Carrete n. 20: 1925 a 1927 (jun.) -- Carrete n. 21: 1927 (jul.) a 1930 (1er sem., p.49) -- Carrete n. 22: 1930 (1er sem., p.50) a 1931 -- Carrete n. 23: 1932 y 1933
650 14 - PUNTO DE ACCESO ADICIONAL DE MATERIA--TÉRMINO DE MATERIA
Término de materia o nombre geográfico como elemento de entrada Obras de 1800.
9 (RLIN) 15662
852 ## - LOCALIZACIÓN
Ubicación ES-MaACL
Número de control de estantería MC-356-378
itemnumber 5294
Ubicación en estantería Depósito 1
942 ## - ELEMENTOS DE ENTRADA SECUNDARIOS (KOHA)
Fuente del sistema de clasificación o colocación Clasificación decimal universal
Tipo de ítem Koha Microforma
Holdings
Estatus retirado Estado de pérdida Fuente del sistema de clasificación o colocación Estado de daño No para préstamo Colección Biblioteca de origen Biblioteca actual Ubicación en estantería Fecha de adquisición Total de préstamos Signatura topográfica completa Código de barras Visto por última vez Precio de reemplazo Tipo de ítem Koha
    Clasificación decimal universal     Periódicos y Revistas Biblioteca del Ateneo de Madrid Biblioteca del Ateneo de Madrid Depósito 1 17/01/2008   MC-356-378 1005240 23/02/2023 23/02/2023 Microforma